We Are Family! Quiz Stats

 Plays Quiz Updated Feb 3, 2019

Score 0/36 Timer 10:00
3 Plays Today
Hint Answer % Correct
Luigi and sibling to gamersMario Bros.
82.2%
Children love her nursery rhymesMother Goose
81.3%
Blessed nun from CalcuttaMother Teresa
80.5%
Popular pizza delivery placePapa John's
80.3%
Chico, Harpo, Groucho, Gummo and ZeppoMarx Brothers
74.2%
Pancake syrup brandAunt Jemima
72.5%
'First in Flight' inventorsWright Brothers
72.3%
He wants you!Uncle Sam
72.1%
Aykroyd and Belushi's SNL bandBlues Brothers
68.9%
Hairy 'Addams Family' memberCousin Itt
65.6%
Famous circus creatorsRingling Brothers
64.5%
Long grain rice brandUncle Ben's
62.3%
Bearded man with an hourglassFather Time
62.3%
Famous fairy tale tellersBrothers Grimm
61.9%
Rich character in 'Little Orphan Annie'Daddy Warbucks
58.7%
Major film/television studioWarner Bros.
56.3%
Bald 'Addams Family' memberUncle Fester
55.8%
Mrs. Gale in 'Wizard of Oz'Auntie Em
55.2%
Hint Answer % Correct
Original maker of Monopoly, Risk, and ClueParker Brothers
51.2%
Kind of apple on the 'Apple Records' labelGranny Smith
50.3%
Fred Astaire movie or a common spiderDaddy Long Legs
48.1%
Unflattering book about Joan Crawford'Mommie Dearest'
42.2%
It's not nice to fool her!Mother Nature
39.3%
'I'm So Excited' groupPointer Sisters
37.5%
'We Are Family' musical groupSister Sledge
37.1%
Abraham to Bart, Lisa, and MaggieGrampa Simpson
36.1%
Joe Pesci's movie roleCousin Vinny
31.9%
DJ for Kid Rock/'Smile' singerUncle Kracker
27.8%
'Dream a Little Dream' singer ElliotMama Cass
25.3%
American folk artist who began painting in her seventiesGrandma Moses
24.4%
Harry Potter's inflatable relativeAunt Marge
22.9%
Jackson 5 song or a caramel candy lollipopSugar Daddy
20.8%
Classic board game for kidsUncle Wiggily
15.5%
Famous movie role for Lucille BallAuntie Mame
11.6%
These guys sing 'All For You'Sister Hazel
8.4%
'Hee Haw' banjo playerGrandpa Jones
7.7%

You're not logged in!

Compare scores with friends on all Sporcle quizzes.
OR
Log In

You Might Also Like...

Show Comments

Extras

Top Quizzes Today


Score Distribution

Your Account Isn't Verified!

In order to create a playlist on Sporcle, you need to verify the email address you used during registration. Go to your Sporcle Settings to finish the process.

Report this User

Report this user for behavior that violates our Community Guidelines.

Details: